Penjelasan tentang haramnya muzik dan lagu (Record no. 160754)

MARC details
000 -LEADER
fixed length control field 00736nam a2200253 i 4500
001 - CONTROL NUMBER
control field C2-0217583
003 - CONTROL NUMBER IDENTIFIER
control field PPAK
005 - DATE AND TIME OF LATEST TRANSACTION
control field 20180728110057.0
008 - FIXED-LENGTH DATA ELEMENTS--GENERAL INFORMATION
fixed length control field 990630s1999 my |||| ||||| | may d
020 ## - INTERNATIONAL STANDARD BOOK NUMBER
International Standard Book Number 9789830775838 ; 9830775836
040 ## - CATALOGING SOURCE
Original cataloging agency PPAK
Language of cataloging eng
Transcribing agency PPAK
Description conventions rda
082 04 - DEWEY DECIMAL CLASSIFICATION NUMBER
Classification number 297.267
Edition number 23
090 00 - LOCALLY ASSIGNED LC-TYPE CALL NUMBER (OCLC); LOCAL CALL NUMBER (RLIN)
Classification number (OCLC) (R) ; Classification number, CALL (RLIN) (NR) 297.267
Feature heading JAZ
Feature heading G
100 1# - MAIN ENTRY--PERSONAL NAME
Personal name Al-Jazairi, Abu Bakr Jabi,
Relator term author
245 10 - TITLE STATEMENT
Title Penjelasan tentang haramnya muzik dan lagu
264 #1 - PRODUCTION, PUBLICATION, DISTRIBUTION, MANUFACTURE, AND COPYRIGHT NOTICE
Place of production, publication, distribution, manufacture Johor Bahru, Johor :
Name of producer, publisher, distributor, manufacturer Jahabersa ,
Date of production, publication, distribution, manufacture, or copyright notice 1999
300 ## - PHYSICAL DESCRIPTION
Extent 82 pages ;
Dimensions 21 cm
336 ## - CONTENT TYPE
Source rdacontent
Content type term text
337 ## - MEDIA TYPE
Source rdamedia
Media type term unmediated
338 ## - CARRIER TYPE
Source rdacarrier
Carrier type term volume
650 10 - SUBJECT ADDED ENTRY--TOPICAL TERM
Topical term or geographic name entry element Islam and art. ; Music - Islamic influences.
700 ## - ADDED ENTRY--PERSONAL NAME
Relator term author
942 ## - ADDED ENTRY ELEMENTS (KOHA)
-- dc
Koha item type Book
Holdings
Withdrawn Not for loan Current library Shelving location Date acquired Full call number Barcode Date last seen Koha item type
    PD20, Felda Lubuk Merbau, Pendang Pinjaman Dewasa 30/06/1999 297.267 JAZ A00269614 01/06/2018 Book
    PD34, Kg. Pantai Prai Pinjaman Dewasa 30/06/1999 297.267 JAZ A00269615 01/06/2018 Book